000 00837cab a2200217 4500
001 ABS67674
008 040402n2004 000 0 eng u
035 _a(Sirsi) u125738
245 4 _aThe mid-term review
260 _c2004
490 _aFarm Tax Brief
_v19(2) March 2004, 1-2(2)
520 _aDiscusses the changes to the system of financial support to farmers under the reforms to the Common Agricultural Policy. The new regime will begin in 2005 with payments decoupled from production. Instead the payment will be acreage-based and attached to specific farmers rather than areas of land.
590 _aABS
650 _aSINGLE PAYMENT SCHEME
650 _aCAP REFORM
650 _aCOMMON AGRICULTURAL POLICY
650 _aFARMERS
650 _aFARM SUBSIDIES
690 _aRURAL-AGRICULTURE AND FORESTRY
942 _n0
999 _c74356
_d74356